[Event "Detroit (MI Op/1a/22)"]
[Site "?"]
[Date "1994.??.??"]
[Round "?"]
[White "Kamberi, Sonny"]
[Black "Smith, Ed"]
[Result "1-0"]
[WhiteElo "2030"]
[BlackElo "1825"]
[PlyCount "101"]
[EventDate "1994.??.??"]

1. e4 e6 2. d4 d5 3. e5 c5 4. c3 Nc6 5. Nf3 cxd4 6. cxd4 Bb4+ 7. Bd2 Nge7 8.
Bxb4 Nxb4 9. a3 Nbc6 10. Bd3 Bd7 11. Nc3 a6 12. O-O b5 13. Rc1 Rc8 14. b4 Qb6
15. Ne2 Ng6 16. Rc5 f6 17. Qc2 Kf7 18. Rc1 Nge7 19. exf6 gxf6 20. Qd2 e5 21.
dxe5 Nxe5 22. Nfd4 Nxd3 23. Qxd3 Qd6 24. Qg3 Qe5 25. Rc7 Rxc7 26. Rxc7 Qe4 27.
f3 Qe3+ 28. Qf2 Qxf2+ 29. Kxf2 Rd8 30. Ra7 Bc8 31. Nb3 Rd7 32. Rxd7 Bxd7 33.
Nc5 Bc8 34. g4 f5 35. g5 Nc6 36. f4 a5 37. bxa5 Nxa5 38. Nc3 Nb7 39. Nxb7 Bxb7
40. Nxb5 Bc6 41. Nd4 Bd7 42. Nf3 Ba4 43. Ke3 Bc2 44. Kd4 Ke6 45. Kc5 Be4 46.
Nd4+ Kd7 47. a4 Kc7 48. Ne6+ Kb7 49. Nf8 Bc2 50. Nxh7 Bxa4 51. g6 1-0

[Event "Detroit (MI Op/3/23)"]
[Site "?"]
[Date "1994.??.??"]
[Round "?"]
[White "Kamberi, Sonny"]
[Black "Potter, George"]
[Result "1-0"]
[WhiteElo "2030"]
[BlackElo "1840"]
[PlyCount "83"]
[EventDate "1994.??.??"]

{3/(23)} 1. e4 e5 2. Nf3 Nc6 3. Bb5 a6 4. Bxc6 dxc6 5. O-O f6 6. d4 exd4 7.
Nxd4 c5 8. Ne2 Bd6 9. Be3 Bd7 10. Nd2 Bc6 11. f3 Ne7 12. Nc4 Ng6 13. Nxd6+ cxd6
14. Qd2 Ne5 15. b3 Qc7 16. Rfd1 Rd8 17. Nf4 Ke7 18. Qc3 g5 19. Nd5+ Bxd5 20.
Rxd5 b6 21. Rad1 Rhg8 22. f4 gxf4 23. Bxf4 Qc8 24. h3 Qe6 25. Kh1 Rg6 26. Qd2
Rgg8 27. a4 Rg6 28. Qe2 Qc8 29. Qh5 Rg7 30. Bxe5 fxe5 31. Qh4+ Ke6 32. Qh6+ Rg6
33. Qxh7 Rf6 34. Qh5 Qc7 35. Qg4+ Ke7 36. Qg7+ Rf7 37. Qg5+ Rf6 38. Rf1 Rdf8
39. Rdd1 Qc6 40. Rxf6 Rxf6 41. Rf1 d5 42. Qg7+ 1-0

[Event "Detroit (MI Op/7/15)"]
[Site "?"]
[Date "1994.??.??"]
[Round "?"]
[White "Kamberi, Sonny"]
[Black "Perry, R."]
[Result "1-0"]
[WhiteElo "2030"]
[BlackElo "2110"]
[PlyCount "31"]
[EventDate "1994.??.??"]

{7/(15)} 1. e4 Nc6 2. d4 d5 3. Nc3 a6 4. exd5 Nb4 5. a3 Nxd5 6. Nxd5 Qxd5 7. c4
Qe4+ 8. Be3 Nf6 9. Nf3 Qg4 10. h3 Qh5 11. Be2 Bg4 12. Qa4+ c6 13. O-O-O Bd7 14.
g4 Qg6 15. Ne5 b5 16. Qa5 1-0

[Event "Flint (MI Coll/5)"]
[Site "?"]
[Date "1994.??.??"]
[Round "?"]
[White "Kamberi, Sonny"]
[Black "Miller, Dan"]
[Result "1-0"]
[WhiteElo "2035"]
[BlackElo "1670"]
[PlyCount "117"]
[EventDate "1994.??.??"]

1. e4 e5 2. Nf3 Nc6 3. Bb5 d6 4. d4 exd4 5. Nxd4 Bd7 6. Nc3 Nf6 7. Bg5 Be7 8.
Nf5 Bxf5 9. exf5 O-O 10. O-O Re8 11. Qd2 Qd7 12. Qd3 a6 13. Ba4 Ng4 14. Bf4 Bf6
15. Nd5 Qd8 16. Qg3 Nge5 17. Rfe1 b5 18. Bb3 Nd4 19. Qh3 c6 20. Ne3 Qd7 21.
Rad1 Nxb3 22. axb3 Rad8 23. g4 Qe7 24. Qg3 Bh4 25. Qg2 Bg5 26. Bxe5 dxe5 27.
Qxc6 Qf6 28. Qxf6 Bxf6 29. Nd5 Kf8 30. Nxf6 gxf6 31. Kf1 Rc8 32. Rd2 Rc6 33. c3
Kg7 34. Ke2 Kh6 35. Kf3 Kg5 36. Rd7 Rf8 37. Kg3 h5 38. h4+ Kh6 39. f3 Rb6 40.
Red1 hxg4 41. fxg4 Kg7 42. Re7 Rh8 43. Rdd7 Rf8 44. g5 fxg5 45. hxg5 Rc6 46.
Rxe5 Kg8 47. Ree7 Kg7 48. g6 Rf6 49. Rxf7+ R8xf7 50. Rxf7+ Rxf7 51. gxf7 Kxf7
52. Kf4 Kf6 53. Ke4 a5 54. c4 bxc4 55. bxc4 a4 56. c5 Ke7 57. c6 Kd6 58. f6
Kxc6 59. f7 1-0

[Event "Gaylord (NMO/2/2)"]
[Site "?"]
[Date "1994.??.??"]
[Round "?"]
[White "Kamberi, Sonny"]
[Black "Kreger, David"]
[Result "1-0"]
[WhiteElo "2090"]
[BlackElo "1605"]
[PlyCount "43"]
[EventDate "1994.??.??"]

{2/(2)} 1. e4 Nc6 2. d4 e6 3. Nf3 d5 4. Nc3 Be7 5. e5 b6 6. Bb5 Bb7 7. a3 h6 8.
O-O g5 9. Ne1 Qd7 10. Qh5 a6 11. Bxc6 Bxc6 12. f4 gxf4 13. Bxf4 O-O-O 14. Qxf7
h5 15. Qg7 Nh6 16. Bxh6 Rdg8 17. Qf7 h4 18. Bg7 h3 19. Bxh8 Rxh8 20. Qg7 Qd8
21. g3 Be8 22. Qxh8 1-0

[Event "Flint (MI Coll/2)"]
[Site "?"]
[Date "1994.??.??"]
[Round "?"]
[White "Kamberi, Sonny"]
[Black "Aldrich, Jeff"]
[Result "0-1"]
[WhiteElo "2035"]
[BlackElo "1900"]
[PlyCount "132"]
[EventDate "1994.??.??"]

1. e4 c6 2. d4 d5 3. exd5 cxd5 4. c4 Nf6 5. Nc3 e6 6. Nf3 Nc6 7. Bg5 Be7 8. c5
O-O 9. Bb5 Bd7 10. O-O a6 11. Bxc6 Bxc6 12. b4 Nd7 13. Bxe7 Qxe7 14. a4 Nf6 15.
Qe2 Rfd8 16. b5 Be8 17. Rab1 Qc7 18. Ne5 Nd7 19. Nxd7 Bxd7 20. f4 axb5 21. axb5
Ra3 22. Rf3 Qa5 23. Qb2 Rc8 24. f5 exf5 25. Nxd5 Ra2 26. Qb4 Qxb4 27. Rxb4 Re8
28. Re3 Kf8 29. Rxe8+ Kxe8 30. Rc4 Be6 31. Nc7+ Kd7 32. Nxe6 fxe6 33. h3 Rb2
34. b6 Kc6 35. Kh2 Rd2 36. Rb4 Re2 37. Kg3 e5 38. dxe5 Kxc5 39. Rb3 Rxe5 40.
Kf4 Rd5 41. Re3 h6 42. Re7 g5+ 43. Kf3 Kxb6 44. Re6+ Kc5 45. Rxh6 b5 46. Rh5 f4
47. Rh8 Kd4 48. Rb8 Kc4 49. Ke4 Rd2 50. Kf3 b4 51. Rc8+ Kb3 52. Rc5 Rd3+ 53.
Kf2 Rg3 54. Rb5 Kc3 55. Rc5+ Kb2 56. Rb5 b3 57. h4 gxh4 58. Rb4 Kc2 59. Rxf4 b2
60. Rxh4 Rb3 61. Rh1 b1=Q 62. Rxb1 Rxb1 63. g4 Kd3 64. Kf3 Rf1+ 65. Kg3 Ke4 66.
Kh4 Kf4 0-1

[Event "Detroit (MCO/DEU/2b/4)"]
[Site "?"]
[Date "1994.??.??"]
[Round "?"]
[White "Kalmadi, S."]
[Black "Woods, O."]
[Result "1-0"]
[WhiteElo "1605"]
[BlackElo "1605"]
[PlyCount "79"]
[EventDate "1994.??.??"]

1. e4 e6 2. d4 d5 3. Nd2 c5 4. exd5 exd5 5. Ngf3 Bg4 6. Bb5+ Nd7 7. O-O cxd4 8.
Re1+ Be7 9. Nb3 a6 10. Bxd7+ Qxd7 11. Nbxd4 Nf6 12. Qd3 O-O 13. Ne5 Qc7 14. Qg3
Bd6 15. Bf4 Rfe8 16. Nxg4 Rxe1+ 17. Rxe1 Nxg4 18. Bxd6 Qd7 19. h3 Nf6 20. Be5
Re8 21. f4 Nh5 22. Qh4 Nf6 23. Bxf6 Rxe1+ 24. Qxe1 gxf6 25. Qg3+ Kf8 26. Kh2
Qa4 27. Nf5 Qxc2 28. Qg7+ Ke8 29. Qxf6 Qe4 30. Nd6+ Kd7 31. Nxe4 dxe4 32. Qd4+
Ke8 33. Qxe4+ Kf8 34. f5 Kg7 35. g4 h6 36. Qe5+ Kf8 37. f6 Kg8 38. Qe8+ Kh7 39.
Qxf7+ Kh8 40. Qg7# 1-0

[Event "Detroit (MCO/DEU/5/2)"]
[Site "?"]
[Date "1994.??.??"]
[Round "?"]
[White "Kalmadi, S."]
[Black "Smeckert, Dennis"]
[Result "1-0"]
[WhiteElo "1605"]
[BlackElo "1605"]
[PlyCount "39"]
[EventDate "1994.??.??"]

{5/(2)} 1. e4 e5 2. Nc3 d6 3. Bc4 Nf6 4. d3 Be6 5. f4 Bxc4 6. dxc4 exf4 7. Nf3
Nbd7 8. Bxf4 Be7 9. O-O O-O 10. Nd4 Nc5 11. Qf3 Ne6 12. Nf5 Nxf4 13. Qxf4 Re8
14. Qg5 g6 15. Nxe7+ Rxe7 16. Qxf6 c6 17. Rad1 Qb6+ 18. Kh1 Rae8 19. Rxd6 Qxb2
20. Nd5 1-0

[Event "Eastpointe (MI Action/5/10)"]
[Site "?"]
[Date "1994.??.??"]
[Round "?"]
[White "Kalmadi, S."]
[Black "Skidmore, Mike"]
[Result "0-1"]
[WhiteElo "1605"]
[BlackElo "1945"]
[PlyCount "44"]
[EventDate "1994.??.??"]

{5/(10)} 1. e4 c6 2. d4 d5 3. exd5 cxd5 4. c4 Nf6 5. Nc3 g6 6. cxd5 Nxd5 7. Bc4
Nxc3 8. bxc3 Bg7 9. Be3 O-O 10. Ne2 Qc7 11. Bd3 Nc6 12. O-O Bg4 13. f3 Be6 14.
f4 Bg4 15. f5 Rad8 16. Qd2 Bxe2 17. Bxe2 e5 18. Bh6 exd4 19. Qg5 Qe5 20. Bc4
Bf6 21. Qg4 Rfe8 22. Bxf7+ Kxf7 0-1

[Event "Eastpointe (MI Action/2/11)"]
[Site "?"]
[Date "1994.??.??"]
[Round "?"]
[White "Kalmadi, S."]
[Black "Skidmore, Jennifer"]
[Result "0-1"]
[WhiteElo "1605"]
[BlackElo "1930"]
[PlyCount "48"]
[EventDate "1994.??.??"]

{2/(11)} 1. e4 e5 2. Nf3 d6 3. Bc4 Be7 4. d4 exd4 5. Nxd4 Nf6 6. Nc3 c6 7. O-O
O-O 8. f4 a5 9. a4 Na6 10. e5 dxe5 11. fxe5 Ng4 12. e6 Ne5 13. exf7+ Kh8 14.
Bb3 Bc5 15. Nce2 Bg4 16. c3 Qe7 17. Kh1 Rad8 18. Qc2 Bxd4 19. Nxd4 Nc5 20. h3
Nxb3 21. Qxb3 Qh4 22. Nf5 Bxf5 23. Rxf5 Qe1+ 24. Kh2 Rd1 0-1

[Event "Detroit (MCO/DEU/6/1)"]
[Site "?"]
[Date "1994.??.??"]
[Round "?"]
[White "Kalmadi, S."]
[Black "McNamara, Ron"]
[Result "1-0"]
[WhiteElo "1605"]
[BlackElo "1605"]
[PlyCount "69"]
[EventDate "1994.??.??"]

{6/(1)} 1. e4 e5 2. Nc3 Nf6 3. f4 d5 4. fxe5 Nxe4 5. d3 Qh4+ 6. g3 Nxg3 7. Nf3
Qh5 8. Nxd5 Na6 9. Nf4 Qh6 10. Nh3 Qg6 11. Rg1 Qh5 12. Rxg3 Be7 13. Nf4 Qh6 14.
Ng6 Qh5 15. Nxh8 Bg4 16. Nxf7 Kxf7 17. Ng5+ Bxg5 18. Qxg4 Qxg4 19. Rxg4 Be7 20.
c3 Nc5 21. d4 Nd7 22. Bc4+ Ke8 23. Bg5 Bxg5 24. Rxg5 g6 25. O-O-O Ke7 26. Rf1
Rf8 27. Rxf8 Nxf8 28. Rg4 c6 29. Rf4 Ke8 30. Rxf8+ Kxf8 31. Kd2 Ke7 32. Ke3 h6
33. Kf4 b5 34. Bd3 Kf7 35. Be4 1-0

[Event "Eastpointe (MI Action/6/18)"]
[Site "?"]
[Date "1994.??.??"]
[Round "?"]
[White "Kalmadi, S."]
[Black "McMahan, M."]
[Result "0-1"]
[WhiteElo "1605"]
[BlackElo "1605"]
[PlyCount "70"]
[EventDate "1994.??.??"]

{6/(18)} 1. e4 e5 2. Nf3 Nc6 3. Bb5 Bc5 4. O-O a6 5. Ba4 b5 6. Bb3 Nf6 7. c3 d6
8. d4 exd4 9. cxd4 Bb6 10. a4 Bg4 11. axb5 Nxd4 12. Nbd2 Nxb5 13. Qc2 O-O 14.
h3 Bh5 15. Nh2 Bg6 16. Re1 Re8 17. Ba4 Qd7 18. Ndf1 d5 19. Bxb5 Qxb5 20. Ng3
Qc5 21. Qxc5 Bxc5 22. e5 Nd7 23. Nf3 a5 24. Bd2 Bb4 25. Nf1 Bxd2 26. N1xd2 Ra6
27. Nb3 a4 28. Nbd4 Be4 29. b3 a3 30. Nb5 Rb6 31. Nxa3 Rxb3 32. Nd2 Rb4 33. f4
f6 34. exf6 Nxf6 35. Nxe4 Rbxe4 0-1

[Event "Romulus (RVO/5/20)"]
[Site "?"]
[Date "1994.??.??"]
[Round "?"]
[White "Kalmadi, S."]
[Black "Lauer, R."]
[Result "1-0"]
[WhiteElo "1605"]
[BlackElo "1605"]
[PlyCount "47"]
[EventDate "1994.??.??"]

{5/(20)} 1. e4 e6 2. d4 g6 3. Be3 Bg7 4. f4 Ne7 5. Nf3 b6 6. Bd3 Bb7 7. O-O d6
8. Nc3 Nd7 9. f5 gxf5 10. exf5 exf5 11. g3 Nf6 12. Nh4 Qd7 13. Nxf5 Nxf5 14.
Bxf5 Qc6 15. d5 Nxd5 16. Be4 Bxc3 17. bxc3 O-O-O 18. Qf3 Rdf8 19. Rad1 Qxc3 20.
Bxd5 Bxd5 21. Rxd5 Qxc2 22. Rc1 Qxa2 23. Rxd6 Qa3 24. Qa8# 1-0

[Event "Romulus (RVO/2/23)"]
[Site "?"]
[Date "1994.??.??"]
[Round "?"]
[White "Kalmadi, S."]
[Black "Herzog, M."]
[Result "1-0"]
[WhiteElo "1605"]
[BlackElo "1605"]
[PlyCount "51"]
[EventDate "1994.??.??"]

{2/(23)} 1. e4 e6 2. d4 d5 3. Nd2 Nf6 4. e5 Nfd7 5. Bd3 c5 6. c3 Nc6 7. Ne2
cxd4 8. cxd4 f6 9. exf6 Qxf6 10. Nf3 Bb4+ 11. Nc3 Nxd4 12. Nxd4 O-O 13. O-O Kh8
14. Bc2 Ne5 15. Nf3 Nxf3+ 16. Qxf3 Qxf3 17. gxf3 Rxf3 18. Kg2 Rf7 19. a3 Be7
20. Be3 Bf6 21. Rad1 b6 22. f4 Bb7 23. Bd4 Raf8 24. Nb5 Rd7 25. Be5 Rc8 26. Bb3
$138 1-0

[Event "Detroit (MCO/DEU/3b/1)"]
[Site "?"]
[Date "1994.??.??"]
[Round "?"]
[White "Kalmadi, J."]
[Black "Nolan, Brian"]
[Result "1-0"]
[WhiteElo "1605"]
[BlackElo "1605"]
[PlyCount "43"]
[EventDate "1994.??.??"]

1. e4 c5 2. Nc3 d6 3. f4 Nc6 4. Nf3 Bg4 5. Bb5 a6 6. Bxc6+ bxc6 7. h3 Bd7 8.
O-O Nf6 9. e5 Nd5 10. Ne4 Bf5 11. Ng3 Bd7 12. d3 e6 13. Ne4 dxe5 14. fxe5 Be7
15. c4 Nb6 16. Nfg5 O-O 17. Nxh7 Kxh7 18. Qh5+ Kg8 19. Nf6+ Bxf6 20. exf6 gxf6
21. Bh6 Qe7 22. Qg4+ 1-0

[Event "Detroit (MI Op/2/36)"]
[Site "?"]
[Date "1994.??.??"]
[Round "?"]
[White "June, Brian"]
[Black "Smith, Walt"]
[Result "1/2-1/2"]
[WhiteElo "1865"]
[BlackElo "1950"]
[PlyCount "141"]
[EventDate "1994.??.??"]

{2/(36)} 1. Nf3 e6 2. d4 c5 3. c4 cxd4 4. Nxd4 Nf6 5. Nc3 Nc6 6. e4 Bb4 7. f3
O-O 8. Be3 d5 9. Nxc6 bxc6 10. e5 Nd7 11. f4 f6 12. Qa4 Qa5 13. Qxa5 Bxa5 14.
exf6 Rxf6 15. Be2 Rb8 16. O-O-O Bxc3 17. bxc3 Nb6 18. Bd4 Rf7 19. Be5 Rbb7 20.
c5 Nd7 21. Ba6 Nxc5 22. Bxb7 Bxb7 23. Kc2 Ba6 24. Rhe1 Bb5 25. Rd4 Rd7 26. Re3
g6 27. h4 a5 28. h5 gxh5 29. Rg3+ Kf8 30. Rg5 Bc4 31. f5 Bxa2 32. fxe6 Nxe6 33.
Rf5+ Rf7 34. Rxf7+ Kxf7 35. Ra4 Bc4 36. Rxa5 Bf1 37. Ra7+ Kg6 38. g3 c5 39. Re7
Bh3 40. Re8 c4 41. Kd2 Kf5 42. Bd6 Ke4 43. Re7 Bf5 44. Rf7 Ng5 45. Re7+ Ne6 46.
Rf7 Ng5 47. Re7+ Kf3 48. Re3+ Kg4 49. Bf4 Ne4+ 50. Rxe4 Bxe4 51. Ke3 Bf3 52.
Bc7 Be4 53. Bf4 h4 54. gxh4 Kxh4 55. Kf2 Kh3 56. Be5 h5 57. Bd4 h4 58. Kg1 Kg3
59. Be5+ Kf3 60. Kh2 Bf5 61. Bd4 Ke4 62. Bh8 Kd3 63. Bf6 Kd2 64. Bg7 Ke2 65.
Bf6 Kf1 66. Bg7 h3 67. Bf6 Kf2 68. Bg7 Kf3 69. Bf6 Ke4 70. Bg7 d4 71. Bxd4
1/2-1/2

[Event "Detroit (MI Op/4/41)"]
[Site "?"]
[Date "1994.??.??"]
[Round "?"]
[White "June, Brian"]
[Black "Raupp, Kenneth L"]
[Result "0-1"]
[WhiteElo "1865"]
[BlackElo "1700"]
[PlyCount "90"]
[EventDate "1994.??.??"]

{4/(41)} 1. Nf3 e6 2. d4 f5 3. c4 d5 4. g3 c6 5. Bg2 Bd6 6. cxd5 exd5 7. O-O
Nf6 8. Bg5 O-O 9. Ne5 Qe8 10. Bf4 Nbd7 11. Nxd7 Qxd7 12. e3 Bb4 13. Nd2 Qe8 14.
a3 Ba5 15. Bd6 Rf7 16. b4 Bd8 17. Rc1 Rd7 18. Be5 Ng4 19. Nf3 Nxe5 20. Nxe5 Rd6
21. Qb3 Bf6 22. f4 Be6 23. Qd1 a5 24. bxa5 Rxa5 25. Qb3 Qa8 26. Ra1 Rb5 27. Qc2
Qa5 28. Nd3 Rd8 29. Rfc1 Ra8 30. Bf1 Bc8 31. Nc5 Rb6 32. Bd3 g6 33. a4 Be7 34.
Qa2 Rb4 35. Qe2 Bxc5 36. Rxc5 Qb6 37. a5 Qc7 38. Qd2 b6 39. Qxb4 bxc5 40. Qxc5
Kf7 41. Kf2 h6 42. a6 Rb8 43. a7 Rb2+ 44. Kf3 g5 45. a8=Q g4# 0-1

[Event "Detroit (MI Op/7/35)"]
[Site "?"]
[Date "1994.??.??"]
[Round "?"]
[White "June, Brian"]
[Black "Davis, Michael"]
[Result "1/2-1/2"]
[WhiteElo "1865"]
[BlackElo "1710"]
[PlyCount "46"]
[EventDate "1994.??.??"]

{7/(35)} 1. d4 Nf6 2. Nf3 g6 3. Bf4 Bg7 4. c4 d6 5. h3 O-O 6. Nc3 Nbd7 7. e3
Re8 8. Be2 Nh5 9. Bh2 e5 10. dxe5 Nxe5 11. Nxe5 Bxe5 12. Bxh5 Bxh2 13. Bxg6
fxg6 14. Rxh2 Qh4 15. Qe2 Be6 16. Nd5 Bxd5 17. cxd5 Re5 18. O-O-O Qb4 19. Qd2
Qc4+ 20. Kb1 Rc8 21. f3 c6 22. Qc2 Qxc2+ 23. Kxc2 Rxe3 1/2-1/2

[Event "Detroit (MCO/DEU/4/1)"]
[Site "?"]
[Date "1994.??.??"]
[Round "?"]
[White "Juergensen, F."]
[Black "McNamara, Ron"]
[Result "0-1"]
[WhiteElo "1605"]
[BlackElo "1605"]
[PlyCount "100"]
[EventDate "1994.??.??"]

{4/(1)} 1. d4 d5 2. c4 c6 3. e3 Bf5 4. Nc3 e6 5. h3 Nf6 6. g4 Be4 7. f3 Bg6 8.
Bd3 dxc4 9. Bxc4 Nd5 10. e4 Qh4+ 11. Ke2 Nxc3+ 12. bxc3 b5 13. Bb3 Be7 14. Bf4
Nd7 15. Ke3 Bg5 16. Ne2 Bxf4+ 17. Nxf4 Rd8 18. Qe1 Qe7 19. e5 Nxe5 20. Nxg6
Nxg6 21. f4 O-O 22. a4 Nh4 23. Rh2 a6 24. g5 Nf5+ 25. Kf3 c5 26. d5 Rfe8 27.
Re2 c4 28. Bc2 Rxd5 29. axb5 axb5 30. Be4 Rc5 31. Ra6 Nd6 32. Bc2 Qb7+ 33. Kg4
Qxa6 34. h4 Nf5 35. h5 Qd6 36. Be4 Qd7 37. Rd2 Qc8 38. Re2 g6 39. Qh1 e5 40.
hxg6 fxg6 41. Rh2 Ne3+ 42. Kf3 exf4 43. Kxf4 Rxe4+ 44. Kxe4 Qe6+ 45. Kf4 Rf5+
46. Kg3 Qe5+ 47. Kh3 Nd5 48. Kg2 Rxg5+ 49. Kf2 Qe3+ 50. Kf1 Rf5+ 0-1

[Event "Warren (Warmup"]
[Site "?"]
[Date "1994.??.??"]
[Round "?"]
[White "Juergensen, F."]
[Black "Kim, E."]
[Result "0-1"]
[WhiteElo "1605"]
[BlackElo "1605"]
[PlyCount "82"]
[EventDate "1994.??.??"]

1. e4 c5 2. Nc3 Nc6 3. g3 Nf6 4. Bg2 d6 5. Nf3 e6 6. O-O Be7 7. b3 d5 8. e5 Nd7
9. Bb2 Ndxe5 10. Nxe5 Nxe5 11. Na4 d4 12. c3 O-O 13. cxd4 Nd3 14. Qc2 Nxb2 15.
Nxb2 Qxd4 16. Rae1 Rb8 17. Be4 g6 18. a4 Rd8 19. d3 b6 20. Nc4 Ba6 21. Re3 Bg5
22. Rf3 Rbc8 23. h4 Bh6 24. g4 f5 25. g5 Bg7 26. Re1 fxe4 27. Rxe4 Qa1+ 28. Kg2
Bb7 29. Rxe6 Bxf3+ 30. Kxf3 Qh1+ 31. Kg3 Rf8 32. Qe2 Qg1+ 33. Kh3 Qxf2 34. Qxf2
Rxf2 35. Nd6 Rc6 36. Re8+ Rf8 37. Re6 Rd8 38. Re8+ Rxe8 39. Nxe8 Be5 40. Nf6+
Bxf6 41. gxf6 Rxf6 0-1

[Event "Warren (Warmup"]
[Site "?"]
[Date "1994.??.??"]
[Round "?"]
[White "Juergensen, F."]
[Black "Jointer, William"]
[Result "0-1"]
[WhiteElo "1605"]
[BlackElo "1700"]
[PlyCount "52"]
[EventDate "1994.??.??"]

1. e4 g6 2. d4 Bg7 3. c3 d6 4. Nf3 Nf6 5. Bd3 O-O 6. O-O Bg4 7. h3 Bd7 8. Re1
c6 9. e5 Ne8 10. exd6 Nxd6 11. Qe2 Be6 12. Nbd2 b5 13. Ne4 Bf5 14. Nxd6 Bxd3
15. Qxd3 Qxd6 16. g3 Nd7 17. Bf4 e5 18. Bd2 Nc5 19. Qe3 exd4 20. Qxd4 Bxd4 21.
Bf4 Bxf2+ 22. Kxf2 Nd3+ 23. Kf1 Nxf4 24. gxf4 Qxf4 25. Kf2 Rad8 26. Rg1 Rd2+
0-1

[Event "Detroit (MCO/DEU/1a/13)"]
[Site "?"]
[Date "1994.??.??"]
[Round "?"]
[White "Juergensen, F."]
[Black "Calugaru, P."]
[Result "1-0"]
[WhiteElo "1605"]
[BlackElo "1605"]
[PlyCount "55"]
[EventDate "1994.??.??"]

1. d4 d5 2. c4 e6 3. Nc3 c6 4. c5 Na6 5. Bf4 b6 6. e4 bxc5 7. exd5 exd5 8. Qa4
Qb6 9. Bxa6 Qxa6 10. Qxa6 Bxa6 11. Nf3 cxd4 12. Nxd4 Rc8 13. O-O-O Nf6 14.
Rhe1+ Kd7 15. Na4 Bb4 16. Re3 g6 17. a3 Be7 18. Bg5 c5 19. Nf3 Rhe8 20. Ne5+
Kd6 21. Nxf7+ Kc6 22. Re6+ Kd7 23. Rxa6 Ng4 24. Rxd5+ Kc7 25. Bf4+ Kb7 26. Re6
Rc6 27. Rd7+ Rc7 28. Rxc7+ 1-0

[Event "Detroit (MCO/DEU/7/7)"]
[Site "?"]
[Date "1994.??.??"]
[Round "?"]
[White "Juergensen, F."]
[Black "Anderson, N."]
[Result "0-1"]
[WhiteElo "1605"]
[BlackElo "1605"]
[PlyCount "108"]
[EventDate "1994.??.??"]

{7/(7)} 1. d4 f5 2. Bf4 Nf6 3. e3 e6 4. Nc3 Bb4 5. Nge2 c6 6. a3 Be7 7. Ng3 O-O
8. Bc4 Qb6 9. Rb1 Qa5 10. O-O b5 11. Bb3 Ba6 12. e4 b4 13. axb4 Bxb4 14. Re1
Bxc3 15. bxc3 Qxc3 16. exf5 Nd5 17. Bxd5 cxd5 18. Bd6 Rd8 19. Qg4 Nc6 20. f6 g6
21. Qf4 Rf8 22. Bxf8 Rxf8 23. Nh5 Qxd4 24. Qg5 Rf7 25. Rbd1 Qc3 26. Rc1 Kh8 27.
h3 gxh5 28. Qxh5 Qxf6 29. f3 Qg6 30. Qxg6 hxg6 31. Ra1 Bb5 32. Reb1 a6 33. Kf2
Nd4 34. c3 Ne2 35. Rb4 Nxc3 36. Rh4+ Kg7 37. Rc1 Ne2 38. Rc8 Rf8 39. Rc2 Nf4
40. Rd2 a5 41. g4 g5 42. Rh5 Nxh5 43. gxh5 Kh6 44. Kg3 Kxh5 45. Rd4 a4 46. h4
Bc4 47. hxg5 Kxg5 48. Rg4+ Kh5 49. f4 a3 50. Rh4+ Kg6 51. Rg4+ Kf7 52. f5 exf5
53. Rh4 a2 54. Rh7+ Ke6 0-1

[Event "Warren (Warmup"]
[Site "?"]
[Date "1994.??.??"]
[Round "?"]
[White "Juergensen, F."]
[Black "Abdul, A."]
[Result "1-0"]
[WhiteElo "1605"]
[BlackElo "1605"]
[PlyCount "193"]
[EventDate "1994.??.??"]

1. e4 e5 2. b3 Nf6 3. Nc3 Bc5 4. Bb2 d6 5. Bc4 c6 6. a4 O-O 7. Nh3 Bxh3 8. gxh3
Qd7 9. Qf3 a6 10. Rg1 b5 11. Qxf6 g6 12. axb5 cxb5 13. Bd5 Nc6 14. Ne2 Ra7 15.
Ng3 Qe7 16. Nh5 Qxf6 17. Nxf6+ Kg7 18. Nh5+ Kh6 19. Nf6 Nb4 20. O-O-O Bxf2 21.
Ng4+ Kg7 22. Nxf2 a5 23. d3 a4 24. Bc3 Nxd5 25. exd5 axb3 26. cxb3 Rc8 27. Kb2
Rb7 28. Bb4 Rd7 29. Ne4 Rcd8 30. Rgf1 f5 31. Ng5 Ra8 32. Ra1 Rxa1 33. Kxa1 Kf6
34. Nf3 g5 35. Rc1 h5 36. Rc6 g4 37. hxg4 hxg4 38. Ng1 f4 39. Bxd6 Rh7 40. Bc5+
Kf5 41. Re6 Rxh2 42. Re8 Rh7 43. Rf8+ Kg6 44. d6 Rd7 45. b4 Kg7 46. Rf5 f3 47.
Rxe5 Kf6 48. Re7 Rd8 49. Kb1 f2 50. Bxf2 Rxd6 51. Re3 Kf5 52. Bg3 Rd5 53. Kc2
Kf6 54. Kc3 Rf5 55. Kd4 Rf1 56. Be5+ Kg6 57. Ne2 Rf3 58. Nf4+ Kg5 59. Ne6+ Kh4
60. Re4 Kh5 61. Bh2 g3 62. Bxg3 Rxg3 63. Re5+ Kg6 64. Nf4+ Kf7 65. Re6 Rg4 66.
Ke5 Rxf4 67. Kxf4 Kxe6 68. Ke4 Kd6 69. Kd4 Kc6 70. Ke5 Kc7 71. Kd5 Kb6 72. d4
Kc7 73. Kc5 Kd7 74. Kxb5 Kd6 75. Kb6 Kd5 76. b5 Kd6 77. Kb7 Kd7 78. b6 Kd8 79.
Ka8 Kd7 80. b7 Kd6 81. Ka7 Kd5 82. b8=Q Kxd4 83. Qb5 Ke4 84. Kb6 Kd4 85. Qc5+
Ke4 86. Kc6 Kf4 87. Qe7 Kf5 88. Kd6 Kf4 89. Qe5+ Kf3 90. Kd5 Kg4 91. Qf6 Kg3
92. Ke5 Kg4 93. Qf5+ Kg3 94. Qf4+ Kg2 95. Ke4 Kg1 96. Qd2 Kf1 97. Kf3 1-0

[Event "Detroit (WCO/4/15)"]
[Site "?"]
[Date "1994.??.??"]
[Round "?"]
[White "Joyce, R."]
[Black "Jackson, K."]
[Result "0-1"]
[WhiteElo "1605"]
[BlackElo "1605"]
[PlyCount "100"]
[EventDate "1994.??.??"]

{4/(15)} 1. e4 d5 2. exd5 Qxd5 3. Nc3 Qa5 4. Nf3 c6 5. d4 e6 6. Bd2 Nf6 7. Ne4
Qb6 8. Nxf6+ gxf6 9. b3 c5 10. Bc3 cxd4 11. Qxd4 Qxd4 12. Nxd4 e5 13. Nb5 Kd7
14. Rd1+ Kc6 15. Bc4 a6 16. Na3 Bxa3 17. b4 Bf5 18. Bxf7 Bxc2 19. Rd2 Be4 20.
O-O Nd7 21. Rfd1 Bf5 22. f3 h5 23. g4 hxg4 24. fxg4 Bxg4 25. Rb1 Rh7 26. Bc4
Nb6 27. Bf1 Rg8 28. Kh1 Nd5 29. Bg2 Be6 30. Rdd1 Rh4 31. Rb3 e4 32. Rxa3 Ne3
33. Rg1 Rhg4 34. Bxf6 Nxg2 35. Rg3 Rxg3 36. hxg3 e3 37. Kxg2 Bd5+ 38. Kh3 Rf8
39. Bc3 Bxa2 40. Rc1 Kb5 41. Re1 Rf3 42. Bd4 Kxb4 43. Rxe3 Rxe3 44. Bxe3 b5 45.
g4 a5 46. g5 a4 47. Kg3 Kc3 48. Kf2 b4 49. Ke2 Kc2 50. g6 Bc4+ 0-1

[Event "Detroit (WCO/2/17)"]
[Site "?"]
[Date "1994.??.??"]
[Round "?"]
[White "Joyce, R."]
[Black "Gaiefsky, Joey"]
[Result "0-1"]
[WhiteElo "1605"]
[BlackElo "1605"]
[PlyCount "46"]
[EventDate "1994.??.??"]

{2/(17)} 1. e4 e5 2. Nf3 Nc6 3. Nc3 Nf6 4. Bc4 Bc5 5. d3 d6 6. Bg5 h6 7. Bh4 g5
8. Bg3 Bg4 9. h3 Bxf3 10. Qxf3 Nd4 11. Qd1 Qd7 12. Rb1 h5 13. a4 g4 14. Bh4 Rh6
15. b4 b5 16. Ba2 gxh3 17. Bxf6 hxg2 18. Rg1 Qh3 19. bxc5 Qh2 20. Kd2 Rxf6 21.
Kc1 Rxf2 22. Qe1 Rf1 23. Rxf1 gxf1=Q 0-1

[Event "Detroit (WCO/1/15)"]
[Site "?"]
[Date "1994.??.??"]
[Round "?"]
[White "Joyce, K."]
[Black "West, Tony"]
[Result "0-1"]
[WhiteElo "1605"]
[BlackElo "1605"]
[PlyCount "42"]
[EventDate "1994.??.??"]

{1/(15)} 1. e3 e5 2. Nf3 e4 3. Ne5 d6 4. Nc4 Nc6 5. Nc3 d5 6. f3 dxc4 7. Bxc4
exf3 8. Qxf3 Ne5 9. Qe4 Bd6 10. Bb5+ c6 11. d4 Nf6 12. Qf4 Nd3+ 13. Bxd3 Bxf4
14. exf4 Qe7+ 15. Kf1 O-O 16. f5 Re8 17. Bd2 c5 18. dxc5 Qxc5 19. Bb5 Qxf5+ 20.
Kg1 Ng4 21. Rf1 Qc5+ 0-1

[Event "Detroit (WCO/4/13)"]
[Site "?"]
[Date "1994.??.??"]
[Round "?"]
[White "Joyce, K."]
[Black "Bascomb, A."]
[Result "0-1"]
[WhiteElo "1605"]
[BlackElo "1605"]
[PlyCount "44"]
[EventDate "1994.??.??"]

{4/(13)} 1. e4 e5 2. Nf3 Nc6 3. Bb5 d6 4. Bxc6+ bxc6 5. Nc3 Bg4 6. h3 Bxf3 7.
Qxf3 Qf6 8. Qxf6 Nxf6 9. O-O Be7 10. b4 d5 11. exd5 cxd5 12. Nb5 O-O 13. Nxc7
Rac8 14. Na6 Rxc2 15. Re1 e4 16. b5 Bc5 17. Rb1 Bb6 18. Ba3 Re8 19. Nb4 Rxd2
20. Rf1 e3 21. fxe3 Rxe3 22. Bc1 Rxh3+ 0-1

[Event "Detroit (Class B/3/2)"]
[Site "?"]
[Date "1994.??.??"]
[Round "?"]
[White "Jordan, Willie"]
[Black "Mankiewicz, Ryan"]
[Result "1-0"]
[WhiteElo "1705"]
[BlackElo "1745"]
[PlyCount "78"]
[EventDate "1994.??.??"]

{3/(2)} 1. d4 Nf6 2. c4 e6 3. Nc3 Bb4 4. Bg5 c5 5. d5 h6 6. Bxf6 Qxf6 7. Rc1 b6
8. Nf3 Bb7 9. e4 e5 10. Be2 d6 11. O-O Bxc3 12. Rxc3 Nd7 13. Ne1 g5 14. Bh5 Qg7
15. Qa4 Ke7 16. Bg4 Nf6 17. Bf5 h5 18. b4 cxb4 19. Qxb4 Bc8 20. Bxc8 Raxc8 21.
f3 g4 22. Qa4 Rc7 23. Qc2 Rhc8 24. a4 Qg6 25. Kh1 h4 26. Qe2 g3 27. h3 Nh5 28.
Nd3 Qg5 29. f4 Nxf4 30. Nxf4 exf4 31. Rcf3 Rxc4 32. Rxf4 Qg7 33. Qh5 Rf8 34.
Qxh4+ Kd7 35. Rg4 Qe5 36. Rgf4 f6 37. Qxg3 Rxa4 38. Qg4+ Ke7 39. Rc1 Ra1 1-0